Geography Quiz

Random Geography or Asia Quiz

Highest Life Expectancy (Asia) Quiz Stats

 Plays Quiz Updated Feb 11, 2015

Score 0/15 Timer 03:00
7 Plays Today
Years Country % Correct
84.46Japan
98.6%
79.80South Korea
88.8%
84.38Singapore
76.6%
75.15China
73%
81.28Israel
71.9%
77.09United Arab Emirates
71%
74.82Saudi Arabia
70.5%
79.84Taiwan
70%
Years Country % Correct
78.38Qatar
65.7%
77.64Kuwait
61.5%
77.22Lebanon
58.8%
78.58Bahrain
57.4%
76.77Brunei
51.4%
76.35Sri Lanka
47.9%
75.72Georgia
46.9%

You're not logged in!

Compare scores with friends on all Sporcle quizzes.
OR
Log In

Sporcle TV

Today on Sporcle TV


Watch our educational content, quiz creation guides, and fun videos on Sporcle TV.

Show Comments

Extras

Top Quizzes Today


Score Distribution

Your Account Isn't Verified!

In order to create a playlist on Sporcle, you need to verify the email address you used during registration. Go to your Sporcle Settings to finish the process.

Report this User

Report this user for behavior that violates our Community Guidelines.

Details: